Las decisiones económicas fundamentalese no. 3

Dades bibliogràfiques
Autor corporatiu: Banco Central del Ecuador
Format: Paquet
Idioma:Spanish
Col·lecció:Cuadernos de Divulgación. Serie Económica
Matèries:

MARC

LEADER 00000csc a2200000 a 4500
001 89672-3
005 20240112095055.0
008 000000|1980 ||||||||r|||||||||||spa||
040 |b spa 
041 1 |a spa 
082 0 |a 330.86 
110 1 |a Banco Central del Ecuador 
245 |a Las decisiones económicas fundamentalese  |c Banco Central del Ecuador  |h imp  |n no. 3 
264 |a Quito  |b Banco Central del Ecuador  |c 1980 
300 |a 10 páginas:  |c 20 cm 
490 |a Cuadernos de Divulgación. Serie Económica 
650 |a Economia 
650 |a Ciencia economica  |9 8812 
650 7 |a Decisiones económicas  |9 66870 
852 |a UC-CDJBV  |c ESTANTERIA CERRADA  |f Compra  |k mariana.feican  |l 1  |m General  |p 00000000  |r 2  |t 89672-3  |b 0  |d CDRC  |e CDRC  |g 330.86 ESTANTERIA CERRADA  |z 0000-00-00 
942
999 |c 131461  |d 131461